header

Sancti Aurelii Augustini episcopi De civitate Dei libri XXII (Record no. 105950)

MARC details
000 -LEADER
fixed length control field 01598nam a2200385 a 4500
100 0# - MAIN ENTRY--AUTHOR NAME
Personal name Augustine,
245 10 - TITLE STATEMENT
Title Sancti Aurelii Augustini episcopi De civitate Dei libri XXII
250 ## - EDITION STATEMENT
Edition statement Editio quinta.
260 ## - PUBLICATION, DISTRIBUTION, ETC. (IMPRINT)
Place of publication Stutgardiae :
Name of publisher In Aedibus B.G. Teubneri,
Year of publication 1993.
300 ## - PHYSICAL DESCRIPTION
Number of Pages xlix, 599 p. :
Other physical details ill.
650 #0 - SUBJECT ADDED ENTRY--TOPICAL TERM
Topical Term Kingdom of God.
Topical Term Apologetics
Topical Term Apologetics
700 1# - ADDED ENTRY--PERSONAL NAME
Personal name Dombart, Bernardus.
Personal name Kalb, Alfons.
Personal name Divjak, Johannes.
856 40 - ELECTRONIC LOCATION AND ACCESS
Uniform Resource Identifier http://site.ebrary.com/lib/rucke/Doc?id=10591439

No items available.

© 2026 Rongo University
Contact us: librarian | system librarian | Rongo university